Double Pair Animal Matching Quiz Stats

Quiz Updated Apr 27, 2013

Score 0/20 Timer 05:00
3 Plays Today
% Correct
Donald, Disco
94.8%
Thumper, Bunnicula
86.6%
Mrs. Norris, Garfield
85.4%
Wilbur, Arnold
84%
Babar, Dumbo
83.3%
Flounder, Blinky
83.2%
Mufasa, Elsa
74.8%
Nagini, Sir Hiss
74.3%
Mickey, Timothy Q.
74%
Crush, Yertle
73.7%
% Correct
Don Lino, Jaws
72.6%
Shere Khan, Richard Parker
72.6%
Charlotte, Shelob
70.4%
Hedwig, Big Mama
67.9%
Koda, Banjo
63%
Bullseye, Pokey
52.9%
Swiper, Fiona
37.4%
Ranger Rick, Tom Nook
30.3%
Dug, PaRappa
28.3%
Cody Maverick, Kowalski
18.2%

You're not logged in!

Compare scores with friends on all Sporcle quizzes.
Join for Free
OR
Log In

You Might Also Like...

Show Comments

Extras

Top Quizzes Today


Score Distribution

Your Account Isn't Verified!

In order to create a playlist on Sporcle, you need to verify the email address you used during registration. Go to your Sporcle Settings to finish the process.

Report this User

Report this user for behavior that violates our Community Guidelines.

Details: